Central Library OPAC University of Rajshahi

Foundations of logic and mathematics / (Record no. 30214)

MARC details
000 -LEADER
fixed length control field 00946cam a22002892 4500
001 - CONTROL NUMBER
control field 30214
003 - CONTROL NUMBER IDENTIFIER
rucl marc code BD-RJUL
005 - DATE AND TIME OF LATEST TRANSACTION
control field 20211209051530.0
008 - FIXED-LENGTH DATA ELEMENTS--GENERAL INFORMATION
fixed length control field 140409s19671939ilu b 001 0 eng u
035 ## - SYSTEM CONTROL NUMBER
System control number (BD-RJUL)30299
040 ## - CATALOGING SOURCE
Transcribing agency WSU
Modifying agency OCL
-- EQO
Original cataloging agency BD-RjUL
Language of cataloging eng
041 ## - LANGUAGE CODE
Language code of text/sound track or separate title eng
082 ## - DEWEY DECIMAL CLASSIFICATION NUMBER
Classification number 164
Author mark and year CAF 1967
090 ## - LOCALLY ASSIGNED LC-TYPE CALL NUMBER (OCLC); LOCAL CALL NUMBER (OCLC)
Classification number (OCLC) (R) ; Classification number, CALL (RLIN) (NR) Q121
Local cutter number (OCLC) ; Book number/undivided call number, CALL (RLIN) .I5 v.1, no.3
100 1# - MAIN ENTRY--PERSONAL NAME
Personal name Carnap, Rudolf,
Dates associated with a name 1891-1970.
9 (RLIN) 91846
245 10 - TITLE STATEMENT
Title Foundations of logic and mathematics /
Statement of responsibility, etc. Rudolf Carnap
260 ## - PUBLICATION, DISTRIBUTION, ETC. (IMPRINT)
Place of publication, distribution, etc. Chicago, Ill. :
Name of publisher, distributor, etc. The University of Chicago press,
Date of publication, distribution, etc. C1939 [Impression 1967
300 ## - PHYSICAL DESCRIPTION
Pagination 71 p. ;
Size 22 cm.
490 1# - SERIES STATEMENT
Series statement International encyclopedia of unified science,
Volume/sequential designation v. 1, no. 3
504 ## - BIBLIOGRAPHY, ETC. NOTE
Bibliography, etc includes index
650 #0 - SUBJECT ADDED ENTRY--TOPICAL TERM
Topical term or geographic name as entry element Logic, Symbolic and mathematical.
9 (RLIN) 91847
Topical term or geographic name as entry element Mathematics
General subdivision Philosophy.
9 (RLIN) 5282
830 #0 - SERIES ADDED ENTRY--UNIFORM TITLE
Volume number/sequential designation v. 1, no. 3
Uniform title International encyclopedia of unified science,
942 ## - ADDED ENTRY ELEMENTS (KOHA)
Source of classification or shelving scheme Dewey Decimal Classification
Koha item type Books
Holdings
Lost status Source of classification or shelving scheme Damaged status Not for loan Collection code Permanent Location Current Location Shelving location Date acquired Source of acquisition Cost, normal purchase price Total Checkouts Full call number Date last seen Copy number Koha item type
  Dewey Decimal Classification   Not For Loan Non-fiction Central Library, University of Rajshahi Central Library, University of Rajshahi Reading Room 05/09/1970 zeithinger 14.00   164 CAF 1967 09/04/2014 C-1 Books
  Dewey Decimal Classification   Not For Loan Non-fiction Central Library, University of Rajshahi Central Library, University of Rajshahi Reading Room 05/09/1970 zeithinger 14.00   164 CAF 1967 09/04/2014 C-2 Books
  Dewey Decimal Classification   Not For Loan Non-fiction Central Library, University of Rajshahi Central Library, University of Rajshahi Reading Room 05/09/1970 zeithinger 14.00   164 CAF 1967 09/04/2014 C-3 Books